Statistics for Все треки Oxxxymiron'а

Click here to take the quiz!

General Stats

  • This quiz has been taken 276 times
    (27 since last reset)
  • The average score is 48 of 166

Answer Stats

Ответ% Correct
miXXXtape III: Смутное ВремяГород под подошвой
80%
ГоргородГде нас нет
64%
ГоргородДевочка Пиздец
64%
ГоргородПереплетено
60%
Другое (после 2021 г.)КТО УБИЛ МАРКА?
60%
Другое (после 2021 г.)Лига Опасного Интернета
60%
Красота и УродствоКрасота и Уродство
60%
Вечный жидВечный жид
56%
Другое (после 2021 г.)1.Kla$
56%
miXXXtape III: Смутное ВремяМох
52%
Красота и УродствоДрейдл
52%
miXXXtape II: Долгий путь домойДетектор лжи
48%
Другое (после 2021 г.)ОЙДА
48%
Красота и УродствоРашн Роуд Рейдж
48%
ГоргородСлово мэра
48%
miXXXtape III: Смутное ВремяЦУНАМИ
48%
miXXXtape III: Смутное ВремяБезумие
48%
Красота и УродствоГрязь
44%
miXXXtape II: Долгий путь домойДо зимы
44%
Красота и УродствоАфриканские бусы
44%
miXXXtape II: Долгий путь домойПризнаки жизни
44%
Другое (после 2021 г.)МИР ГОРИТ
44%
Другое (после 2021 г.)Прекрасное Далёко
44%
miXXXtape III: Смутное ВремяКолесо
44%
Красота и УродствоАгент
44%
Другое (после 2021 г.)23 февраля
44%
miXXXtape III: Смутное ВремяFata Morgana
44%
Другое (после 2021 г.)THE STORY OF ALISHER
44%
ГоргородБашня из слоновой кости
40%
ГоргородВсего лишь писатель
40%
ГоргородКем ты стал
40%
Красота и УродствоЭминем
40%
Вечный жидЦифры и цвета
40%
Красота и УродствоХоп-механика
40%
Другое (до 2021 г.)То густо, то пусто
40%
Вечный жидЖук в муравейнике
40%
miXXXtape III: Смутное ВремяВ книге всё было по-другому
40%
Другое (после 2021 г.)Сделано в России
40%
miXXXtape II: Долгий путь домойНе от мира сего
40%
Вечный жидПривет со дна
40%
Другое (после 2021 г.)1.Kla$ Pt. 2
40%
miXXXtape III: Смутное ВремяKonstrukt
40%
miXXXtape III: Смутное ВремяВетер Перемен
36%
ГоргородПолигон
36%
Красота и УродствоМы все умрём
36%
Красота и УродствоНон-фикшн
36%
Красота и УродствоНепрожитая жизнь
36%
Красота и УродствоОкно в Париж
36%
Вечный жидВосточный Мордор
36%
miXXXtape II: Долгий путь домойНеваляшка
36%
miXXXtape II: Долгий путь домойПролив Дрейка
36%
Другое (до 2021 г.)Боль
36%
Другое (после 2021 г.)НЛО
36%
Красота и УродствоЛифт
36%
miXXXtape II: Долгий путь домойХитиновый покров
36%
Вечный жидВ говне
36%
miXXXtape II: Долгий путь домойПесенка Гремлина
36%
Вечный жидТентакли
32%
Вечный жидВ бульбуляторе
32%
miXXXtape IЙети и дети
32%
Другое (после 2021 г.)Я знаю, что делал прошлым летом
32%
miXXXtape III: Смутное ВремяВ долгий путь
32%
miXXXtape IЛондон против всех
32%
miXXXtape III: Смутное ВремяБиполярочка
32%
Красота и УродствоПартизанское радио
32%
miXXXtape III: Смутное ВремяОРГАНИЗАЦИЯ
32%
Вечный жидКрокодиловы слёзы
32%
Красота и УродствоПантеллерия
32%
Красота и УродствоПразднуй
32%
miXXXtape III: Смутное ВремяПогружение
32%
Красота и УродствоЭспрессо Тоник
32%
Красота и УродствоРецензия
32%
ГоргородНакануне
32%
Красота и УродствоНамешано
32%
miXXXtape II: Долгий путь домойБольше Бена
32%
miXXXtape IПоследний звонок
32%
Вечный жидДо сих пор MC
32%
Вечный жидСпонтанное самовозгорание
28%
Красота и УродствоУлет
28%
ГоргородКолыбельная
28%
miXXXtape IЯ Хейтер
28%
miXXXtape IДень физкультурника
28%
Другое (после 2021 г.)BASSLINE BUISNESS
28%
Вечный жидCCTV
28%
miXXXtape III: Смутное ВремяImperial
28%
miXXXtape II: Долгий путь домойUltima Thule
28%
Красота и УродствоЧувствую
24%
Семейный альбомМакдональдс
24%
Семейный альбомСемейный альбом
24%
Красота и УродствоТень
24%
Другое (после 2021 г.)ТАБАК
24%
miXXXtape III: Смутное ВремяЛондонград
24%
miXXXtape IМой менталитет
24%
miXXXtape III: Смутное ВремяДежавю
24%
miXXXtape IДегенеративное искусство
24%
miXXXtape IМысли пачкают мозги
24%
miXXXtape II: Долгий путь домойВолапюк
24%
Вечный жидСудьба моралиста
24%
miXXXtape III: Смутное ВремяМашина прогресса
24%
miXXXtape III: Смутное ВремяМне скучно жить
24%
miXXXtape III: Смутное ВремяПора возвращаться домой
24%
Семейный альбом2010-е кончились
24%
miXXXtape III: Смутное ВремяAthens
24%
Другое (до 2021 г.)Что такое BEEF?
24%
miXXXtape III: Смутное ВремяHPL
24%
miXXXtape III: Смутное ВремяReality
24%
Вечный жидRussky Cockney
24%
miXXXtape III: Смутное ВремяStereocoma
24%
miXXXtape III: Смутное ВремяСеверная страна
20%
miXXXtape III: Смутное ВремяДело нескольких минут
20%
Семейный альбомЗаходи скорее
20%
miXXXtape IСага об орлах и канарейках
20%
Семейный альбомСоседи
20%
Семейный альбомЗахизр
20%
miXXXtape III: Смутное ВремяBACK 2 GRIME
20%
miXXXtape II: Долгий путь домойDarkside
20%
miXXXtape IOXXXYMIRON
20%
miXXXtape III: Смутное ВремяSTRUGGLES
20%
miXXXtape II: Долгий путь домойXXX SHOP
20%
Семейный альбомВсё сразу
16%
Семейный альбомСуп дня
16%
miXXXtape IВ тихом омуте
16%
miXXXtape III: Смутное ВремяПод дождём
16%
miXXXtape IХодят слухи
16%
miXXXtape IЯщик фокусника
16%
miXXXtape III: Смутное ВремяГорсвет
16%
miXXXtape IНе говори ни слова
16%
miXXXtape III: Смутное ВремяСказка о потерянном времени
16%
miXXXtape IЛондон против всех, ч. 2
16%
miXXXtape IBukkake
16%
Другое (до 2021 г.)Computer Rap (remix)
16%
miXXXtape III: Смутное ВремяEarth Burns
16%
miXXXtape III: Смутное ВремяFlashback
16%
miXXXtape ISpecial Delivery
16%
miXXXtape III: Смутное ВремяTabasco
16%
miXXXtape IVasco da Gama
16%
Другое (до 2021 г.)Три монолога
12%
Семейный альбомТабак два
12%
miXXXtape III: Смутное ВремяБездыханным
12%
MC MifЗеркало
12%
miXXXtape IПуть
12%
MC MifВитязи словоблудия
12%
miXXXtape IШалом
12%
Другое (до 2021 г.)Просто я
12%
miXXXtape IТак как есть
12%
Другое (до 2021 г.)Взрыв
12%
miXXXtape IТайные желания
12%
MC MifКаменный Век Русской Поэзии
12%
miXXXtape IВ стране женщин
12%
miXXXtape IЧёртово колесо
12%
Другое (до 2021 г.)Честно
12%
Другое (до 2021 г.)МГМНТ 2
12%
Другое (до 2021 г.)Afterparty (demo)
12%
miXXXtape III: Смутное ВремяAghori
12%
Другое (до 2021 г.)На Куски (demo)
12%
miXXXtape IEast London
12%
miXXXtape IHangover
12%
Другое (до 2021 г.)Mama, I’m so Sorry
12%
miXXXtape IНет связи
8%
Другое (до 2021 г.)Песенка про шахматиста
8%
Другое (до 2021 г.)16 Bars Acapella
8%
MC Mif3030 год
8%
MC MifAl Ogon
8%
Другое (до 2021 г.)Ganz Promo
8%
miXXXtape IG.O.D.
8%
miXXXtape IOperation Payback
8%

Score Distribution

Percentile by Number Answered

Percent of People with Each Score

Your Score History

You have not taken this quiz since the last reset